[Event "SR 3. liga A2 2016/2017"]
[Site "?"]
[Date "2016.11.27"]
[Round "4.1"]
[White "Palka, Miroslav"]
[Black "Nemeckay, Rastislav"]
[Result "1/2-1/2"]
[WhiteElo "1930"]
[BlackElo "2008"]
[PlyCount "41"]
[EventDate "2016.??.??"]

1. c4 c6 2. g3 d5 3. cxd5 cxd5 4. Bg2 Nf6 5. Nf3 e6 6. O-O Bd6 7. Nc3 O-O 8. d4
Nbd7 9. Nb5 Bb8 10. b3 a6 11. Nc3 Bd6 12. Bb2 b5 13. Qd3 Bb7 14. Nd2 Qb6 15. e3
b4 16. Na4 Qb5 17. Qb1 a5 18. Rc1 Ba6 19. Qc2 Rac8 20. Qd1 Qe2 21. Qxe2 1/2-1/2

[Event "SR 3. liga A2 2016/2017"]
[Site "?"]
[Date "2016.11.27"]
[Round "4.1"]
[White "Pericka, Tomas"]
[Black "Palka, Martin"]
[Result "1/2-1/2"]
[WhiteElo "1996"]
[BlackElo "1881"]
[PlyCount "67"]
[EventDate "2016.??.??"]

1. e4 c6 2. d4 d5 3. e5 Bf5 4. Nc3 e6 5. g4 Bg6 6. Nge2 c5 7. h4 h6 8. Nf4 Bh7
9. Be3 cxd4 10. Bxd4 Nc6 11. a3 a6 12. Qd2 Nge7 13. O-O-O Nxd4 14. Qxd4 Nc6 15.
Qe3 Be7 16. Ncxd5 exd5 17. Nxd5 Qa5 18. f4 O-O-O 19. b4 Bxb4 20. Nxb4 Nxb4 21.
Qc3+ Nc6 22. Qxa5 Nxa5 23. Re1 Nc6 24. Bc4 Rhf8 25. f5 Kc7 26. Rh3 Rd4 27. Rc3
Rxg4 28. e6 fxe6 29. fxe6 Re4 30. Rg1 g6 31. h5 Rf6 32. Rd1 Rexe6 33. Bxe6 Rxe6
34. Rf1 1/2-1/2

[Event "SR 3. liga A2 2016/2017"]
[Site "?"]
[Date "2016.11.27"]
[Round "4.1"]
[White "Skapikova, Lubica"]
[Black "Ocko, Martin"]
[Result "1-0"]
[WhiteElo "1896"]
[BlackElo "1870"]
[PlyCount "147"]
[EventDate "2016.??.??"]

1. e4 e5 2. Nf3 Nc6 3. Bb5 Nf6 4. d3 d6 5. h3 a6 6. Bc4 b5 7. Bb3 Na5 8. O-O
Nxb3 9. axb3 g6 10. Nc3 Bd7 11. Be3 Bg7 12. Qd2 O-O 13. Bh6 c5 14. Ne2 Kh8 15.
Bxg7+ Kxg7 16. Ng3 Ng8 17. b4 cxb4 18. Qxb4 Qf6 19. Nh2 h5 20. Qd2 Qf4 21. Qxf4
exf4 22. Ne2 g5 23. Ra5 Ra7 24. Rfa1 Rfa8 25. Nf3 f6 26. Nfd4 Ne7 27. Nc3 Nc6
28. Nxc6 Bxc6 29. Ne2 Bd7 30. f3 Kf7 31. Kf2 h4 32. Nd4 Ke7 33. Ke2 Kd8 34. c3
Kc7 35. Nc2 Kb6 36. d4 f5 37. Nb4 fxe4 38. Nd5+ Kc6 39. fxe4 Be6 40. c4 Kb7 41.
Nf6 Bf7 42. cxb5 Bc4+ 43. Kf3 Bxb5 44. Kg4 Rc8 45. Kxg5 Rc2 46. Kxf4 Rxg2 47.
Nd5 Rxb2 48. Nc3 Kb6 49. Nd5+ Kb7 50. Rg1 Rf2+ 51. Ke3 Rf7 52. Rg4 Ra8 53. Rxh4
Raf8 54. Rf4 Rxf4 55. Nxf4 Kb6 56. Ra2 a5 57. e5 dxe5 58. dxe5 a4 59. e6 Ra8
60. Kd4 Rh8 61. Ke5 Ka5 62. e7 Bc4 63. Ra1 a3 64. Nd5 a2 65. Rd1 Ka4 66. Nb6+
Kb3 67. Nxc4 Kxc4 68. Kd6 Rb8 69. Ra1 Kb3 70. Kc7 Rh8 71. Kd7 Kb2 72. Rxa2+
Kxa2 73. e8=Q Rxh3 74. Qe6+ 1-0

[Event "SR 3. liga A2 2016/2017"]
[Site "?"]
[Date "2016.11.27"]
[Round "4.1"]
[White "Danada, Ondrej"]
[Black "Lauko, Tomas"]
[Result "1-0"]
[WhiteElo "1889"]
[BlackElo "1666"]
[PlyCount "109"]
[EventDate "2016.??.??"]

1. e4 c5 2. Nf3 Nc6 3. d4 cxd4 4. Nxd4 e5 5. Nb5 Bc5 6. Nd6+ Kf8 7. Nxc8 Rxc8
8. Bc4 Qh4 9. O-O Nf6 10. Nc3 Ng4 11. h3 Nxf2 12. Rxf2 Qxf2+ 13. Kh1 Nd4 14.
Bd2 Rc6 15. Nd5 Rg6 16. Ne3 Nxc2 17. Qxc2 Bxe3 18. Bb4+ d6 19. Qxf2 Bxf2 20.
Rf1 Rf6 21. Bxd6+ Rxd6 22. Rxf2 f6 23. Bd5 Rd7 24. Rf3 Ke7 25. Ra3 b6 26. Rc3
f5 27. Rc6 Re8 28. Rc1 f4 29. Rc3 Kf6 30. h4 Ree7 31. Rc6+ Re6 32. Rxe6+ Kf7
33. Rxe5+ Kg6 34. a4 Rc7 35. Rf5 Rc5 36. Rxf4 Kh5 37. Kh2 Ra5 38. Bf7+ g6 39.
Rf5+ Kxh4 40. Rxa5 bxa5 41. Be6 h5 42. g3+ Kg5 43. e5 h4 44. Bd7 hxg3+ 45. Kxg3
a6 46. Kf3 Kh4 47. e6 g5 48. e7 g4+ 49. Bxg4 Kg5 50. e8=Q Kf6 51. Qe6+ Kg5 52.
Qe5+ Kg6 53. Bf5+ Kh6 54. Qf6+ Kh5 55. Qg6+ 1-0

[Event "SR 3. liga A2 2016/2017"]
[Site "?"]
[Date "2016.11.27"]
[Round "4.1"]
[White "Zisek, Jaroslav"]
[Black "Skapik, Branislav"]
[Result "1/2-1/2"]
[WhiteElo "1796"]
[BlackElo "1861"]
[PlyCount "45"]
[EventDate "2016.??.??"]

1. c4 c5 2. Nf3 Nc6 3. d4 cxd4 4. Nxd4 Nxd4 5. Qxd4 d6 6. Nc3 Bd7 7. e4 e5 8.
Qd3 Rc8 9. Be2 Be6 10. b3 a6 11. O-O Qc7 12. Bb2 Nf6 13. Rac1 Qd7 14. Rfd1 Be7
15. Rc2 O-O 16. Bc1 Ne8 17. Be3 f5 18. f3 fxe4 19. fxe4 Nf6 20. Rdc1 Bg4 21.
Bxg4 Nxg4 22. Nd5 Qe8 23. h3 1/2-1/2

[Event "SR 3. liga A2 2016/2017"]
[Site "?"]
[Date "2016.11.27"]
[Round "4.1"]
[White "Pericka, Pavol"]
[Black "Havlicek, Peter"]
[Result "1-0"]
[WhiteElo "1822"]
[BlackElo "1742"]
[PlyCount "82"]
[EventDate "2016.??.??"]

1. e4 c5 2. Bc4 e6 3. Qe2 d6 4. Nf3 a6 5. a4 Nc6 6. d3 Be7 7. Be3 Nf6 8. h3 b6
9. c3 Bb7 10. Nbd2 O-O 11. O-O Na5 12. Ba2 d5 13. e5 Nd7 14. d4 f5 15. g3 Bc6
16. h4 Kh8 17. Ng5 Bxg5 18. hxg5 g6 19. Kg2 Rf7 20. Rh1 Nf8 21. Rh6 c4 22. Rah1
Kg8 23. Nf3 Rg7 24. g4 Bxa4 25. Nh4 Be8 26. gxf5 exf5 27. Bf4 Ne6 28. Qe3 Raa7
29. Bb1 Raf7 30. Kf1 Nxf4 31. Qxf4 Bd7 32. Qh2 Qxg5 33. Nf3 Qc1+ 34. Kg2 Qxb2
35. Ng5 Re7 36. Nxh7 Qe2 37. Nf6+ Kf7 38. Rh7 Ke6 39. Rxg7 Rxg7 40. Qh8 Qd2 41.
Qxg7 Qg5+ 1-0

[Event "SR 3. liga A2 2016/2017"]
[Site "?"]
[Date "2016.11.27"]
[Round "4.1"]
[White "Dest, Stanislav"]
[Black "Ulehla, Jakub"]
[Result "0-1"]
[WhiteElo "1402"]
[BlackElo "1588"]
[PlyCount "80"]
[EventDate "2016.??.??"]

1. d4 Nf6 2. c4 g6 3. Nc3 Bg7 4. Nf3 d6 5. e3 O-O 6. Bd3 Nc6 7. a3 e5 8. d5 Ne7
9. e4 c6 10. O-O Nd7 11. Be3 f5 12. Ng5 Nf6 13. f4 Ng4 14. Qd2 c5 15. Ne6 Bxe6
16. dxe6 fxe4 17. Bxe4 Nxe3 18. Qxe3 exf4 19. Rxf4 Bd4 20. Rxf8+ Qxf8 21. Qxd4
cxd4 22. Nd5 Nxd5 23. Bxd5 Qe7 24. Rd1 Rf8 25. Rxd4 Kg7 26. Re4 Qf6 27. h3 Re8
28. b4 Re7 29. a4 Qa1+ 30. Kh2 Qxa4 31. b5 a6 32. bxa6 bxa6 33. c5 Qa3 34. c6
Qc5 35. c7 Qxc7 36. Rc4 Qa5 37. Rd4 Qc5 38. Rd3 Rxe6 39. Bxe6 Qe5+ 40. Kh1 Qxe6
0-1

[Event "SR 3. liga A2 2016/2017"]
[Site "?"]
[Date "2016.11.27"]
[Round "4.2"]
[White "Lanc, Alois"]
[Black "Takacs, Laszlo"]
[Result "0-1"]
[WhiteElo "2321"]
[BlackElo "2190"]
[PlyCount "84"]
[EventDate "2016.??.??"]

1. e4 c5 2. Nf3 e6 3. d4 cxd4 4. Nxd4 a6 5. Nc3 Qc7 6. g3 b5 7. Bg2 Bb7 8. O-O
Nf6 9. Re1 d6 10. a4 bxa4 11. Nxa4 Nbd7 12. b3 Nc5 13. f3 Be7 14. Nb2 O-O 15.
Kh1 Rfd8 16. Bd2 a5 17. Qe2 d5 18. e5 Nfd7 19. Qb5 a4 20. Nxa4 Nxe5 21. Bf4
Ncd7 22. Qe2 Bf6 23. Rad1 Ba6 24. Qf2 Qb7 25. g4 Nc6 26. Nxc6 Qxc6 27. g5 Be7
28. Bh3 Rdc8 29. Qe3 Bb4 30. c3 Bxc3 31. Nxc3 Qxc3 32. Rc1 Qxe3 33. Bxe3 Ne5
34. f4 Nf3 35. Rxc8+ Rxc8 36. Ra1 Bd3 37. Bg2 Nh4 38. b4 h6 39. gxh6 Rc2 40.
Ra8+ Kh7 41. hxg7 Kxg7 42. Bd4+ f6 0-1

[Event "SR 3. liga A2 2016/2017"]
[Site "?"]
[Date "2016.11.27"]
[Round "4.2"]
[White "Cibulka, Vladimir"]
[Black "Kavon, Rastislav"]
[Result "1-0"]
[WhiteElo "2164"]
[BlackElo "2248"]
[PlyCount "67"]
[EventDate "2016.??.??"]

1. d4 Nf6 2. Nf3 g6 3. Bf4 Bg7 4. e3 O-O 5. Be2 d6 6. h3 Nbd7 7. O-O b6 8. a4
c5 9. c3 Bb7 10. Na3 Rc8 11. a5 Ne4 12. a6 Bc6 13. d5 Ba8 14. Nb5 c4 15. Nxa7
Rc5 16. Nc6 Bxc6 17. dxc6 Ndf6 18. Nd2 d5 19. Nxe4 Nxe4 20. a7 Qa8 21. Bb8 Rc8
22. Bf3 Nf6 23. Re1 e6 24. e4 R5xc6 25. exd5 Nxd5 26. Qe2 Bf8 27. Red1 Bd6 28.
Bxd5 exd5 29. Rd4 Kg7 30. Bxd6 Rxd6 31. Qe5+ Rf6 32. Rf4 Rcc6 33. Rxf6 Rxf6 34.
Ra6 1-0

[Event "SR 3. liga A2 2016/2017"]
[Site "?"]
[Date "2016.11.27"]
[Round "4.2"]
[White "Bango, Lukas"]
[Black "Merva, Frantisek"]
[Result "0-1"]
[WhiteElo "2113"]
[BlackElo "2102"]
[PlyCount "76"]
[EventDate "2016.??.??"]

1. e4 c6 2. Nc3 d5 3. Nf3 Bg4 4. h3 Bxf3 5. Qxf3 e6 6. g4 Nd7 7. Bg2 Bb4 8. O-O
Qh4 9. exd5 cxd5 10. Nb5 Rc8 11. c3 a6 12. Na7 Ra8 13. cxb4 Rxa7 14. Qe3 b6 15.
Bxd5 Ne7 16. Bg2 h5 17. Qe2 hxg4 18. Qxg4 Qxg4 19. hxg4 Ne5 20. b3 Nd3 21. Be4
Rd7 22. Ba3 b5 23. Rad1 f5 24. gxf5 exf5 25. Bxd3 Rxd3 26. f3 Nd5 27. Bb2 Rh3
28. Be5 $11 Rhxf3 29. Rxf3 Rxf3 30. Rc1 g5 31. d4 Ke7 32. Rc5 Ne3 33. a4 f4 34.
axb5 axb5 35. Rxb5 g4 36. Rb7+ Ke6 37. Bxf4 Rxf4 38. Rb8 Kd5 0-1

[Event "SR 3. liga A2 2016/2017"]
[Site "?"]
[Date "2016.11.27"]
[Round "4.2"]
[White "Rachela, Jozef"]
[Black "Kozinka, Roman"]
[Result "1-0"]
[WhiteElo "2006"]
[BlackElo "1992"]
[PlyCount "73"]
[EventDate "2016.??.??"]

1. e4 d6 2. d4 Nf6 3. Nc3 g6 4. Be2 Bg7 5. Be3 O-O 6. h4 e5 7. h5 exd4 8. Bxd4
Re8 9. hxg6 hxg6 10. Qd2 Nc6 11. Be3 Nxe4 12. Nxe4 Rxe4 13. Nf3 Qf6 14. c3 Re8
15. O-O-O Bg4 16. Kb1 Ne5 17. Ka1 Qe7 18. Nxe5 Bxe2 19. Nxg6 Qe4 $11 20. Qxe2
Qxg6 21. Qf3 Qe4 22. Qg3 Qg6 23. Qh3 Re4 24. Rd5 f6 25. Rh5 Kf7 26. Rh7 Rg8 27.
Bd4 c5 28. Be3 f5 29. g3 Ke6 30. Rh5 Rf8 31. Rd1 Qg4 32. Qh1 Qe2 33. Bf4 d5 34.
f3 d4 35. fxe4 dxc3 36. exf5+ Rxf5 37. Re1 1-0

[Event "SR 3. liga A2 2016/2017"]
[Site "?"]
[Date "2016.11.27"]
[Round "4.2"]
[White "Capanda, Jan"]
[Black "Matis, Tibor ml"]
[Result "1/2-1/2"]
[WhiteElo "1847"]
[BlackElo "1743"]
[PlyCount "101"]
[EventDate "2016.??.??"]

1. e4 c5 2. c4 Nc6 3. Nc3 e6 4. Nf3 a6 5. Be2 Nf6 6. d3 Be7 7. h3 O-O 8. O-O d5
9. cxd5 exd5 10. Qc2 d4 11. Nd1 Nb4 12. Qb1 b5 13. a3 Nc6 14. Nh2 Bb7 15. f4
Na5 16. b3 Qc7 17. Ng4 Nxg4 18. hxg4 f6 19. Ra2 Nc6 20. g3 Rac8 21. Bf3 Nd8 22.
Rc2 Bd6 23. Nf2 Ne6 24. Nh3 h6 25. Qa2 Kh8 26. Bg2 Qd7 27. f5 Nd8 28. Nf4 Bxf4
29. gxf4 Nf7 30. Bf3 Qc7 31. Rff2 a5 32. Rh2 Ba6 33. Rcg2 c4 34. bxc4 bxc4 35.
dxc4 Qxc4 36. Qxc4 Bxc4 37. Bb2 Rfd8 38. g5 fxg5 39. fxg5 Ne5 40. Bh5 Rc6 41.
Rd2 Bd3 42. Bd1 Kh7 43. gxh6 Rxh6 44. Rxh6+ gxh6 45. Kf2 Bxe4 46. Rxd4 Rxd4 47.
Bxd4 Nc6 48. Bc3 Bxf5 49. Bf3 Bd7 50. Be4+ Kg8 51. Ke3 1/2-1/2

[Event "SR 3. liga A2 2016/2017"]
[Site "?"]
[Date "2016.11.27"]
[Round "4.2"]
[White "Mezes, Kristof"]
[Black "Lopatievov, Alexander"]
[Result "0-1"]
[WhiteElo "1435"]
[BlackElo "1842"]
[PlyCount "60"]
[EventDate "2016.??.??"]

1. d4 Nf6 2. c4 e6 3. Nc3 b6 4. Bg5 Be7 5. Nf3 Bb7 6. e3 d6 7. Bd3 h6 8. Bh4
Nbd7 9. O-O c5 10. a3 d5 11. b4 dxc4 12. Bxf6 Bxf6 13. Bxc4 cxd4 14. Nxd4 O-O
15. Rc1 Rc8 16. Ncb5 Ne5 17. Be2 Qd5 18. Nf3 Rxc1 19. Qxc1 Rc8 20. Qb1 Nc4 21.
Bxc4 Rxc4 22. Nxa7 Rg4 23. e4 Rxe4 24. Rd1 Qh5 25. Rd2 Bd5 26. h3 Rc4 27. Qd1
Rc3 28. Nb5 Bxf3 29. Qa4 Rc1+ 30. Kh2 Be5+ 0-1

[Event "SR 3. liga A2 2016/2017"]
[Site "?"]
[Date "2016.11.27"]
[Round "4.2"]
[White "Bango, Dominik"]
[Black "Olle, Akos"]
[Result "1-0"]
[WhiteElo "1769"]
[BlackElo "1290"]
[PlyCount "47"]
[EventDate "2016.??.??"]

1. e4 c5 2. Nf3 d6 3. d4 cxd4 4. Nxd4 Nc6 5. Be3 Nf6 6. Nc3 g6 7. f3 Bg7 8. Qd2
O-O 9. O-O-O Re8 10. g4 Ne5 11. h4 e6 12. h5 d5 13. hxg6 fxg6 14. Qh2 Nc4 15.
Bxc4 dxc4 16. Nxe6 Qa5 17. e5 Rxe6 18. exf6 Bxf6 19. Qxh7+ Kf8 20. Bh6+ Ke8 21.
Qg8+ Ke7 22. Nd5+ Kd6 23. Nxf6+ Ke5 24. f4+ 1-0

[Event "SR 3. liga A2 2016/2017"]
[Site "?"]
[Date "2016.11.27"]
[Round "4.2"]
[White "Minarik, Jozef"]
[Black "Gajarsky, Julius"]
[Result "0-1"]
[WhiteElo "1222"]
[BlackElo "1764"]
[PlyCount "66"]
[EventDate "2016.??.??"]

1. e4 c5 2. Nf3 Nc6 3. d4 cxd4 4. Nxd4 Nf6 5. Nc3 e5 6. Nb3 a6 7. Be2 Bb4 8.
Bg5 O-O 9. O-O Bxc3 10. bxc3 d6 11. Qd3 h6 12. Bh4 g5 13. Bg3 Qe7 14. Rfd1 Rd8
15. Nd2 Be6 16. Nc4 b5 17. Nb6 Rab8 18. Nd5 Bxd5 19. exd5 e4 20. Qe3 Ne5 21. h3
Rbc8 22. f4 exf3 23. gxf3 Qc7 24. Be1 Re8 25. Qd4 Nh5 26. Bd2 Ng3 27. Qf2 Nxe2+
28. Qxe2 Nc4 29. Qf2 Nxd2 30. Rxd2 Qxc3 31. Re1 Rxe1+ 32. Qxe1 Qxf3 33. Rf2
Qxd5 0-1

[Event "SR 3. liga A2 2016/2017"]
[Site "?"]
[Date "2016.11.27"]
[Round "4.3"]
[White "Puskar, Peter"]
[Black "Skreno, Vladimir"]
[Result "0-1"]
[WhiteElo "2187"]
[BlackElo "2209"]
[PlyCount "152"]
[EventDate "2016.??.??"]

1. d4 Nf6 2. c4 g6 3. Nc3 Bg7 4. e4 d6 5. Nf3 O-O 6. Be2 e5 7. Be3 Ng4 8. Bg5
f6 9. Bh4 Qd7 10. h3 Nh6 11. dxe5 dxe5 12. Qxd7 Nxd7 13. O-O-O c6 14. g4 Nf7
15. Nd2 Nc5 16. f3 Ne6 17. Bf2 Bh6 18. Kb1 Nd4 19. Nb3 Nxe2 20. Nxe2 Be6 21.
Nc5 Bxc4 22. Nc3 Nd8 23. Rd6 Nf7 24. Rdd1 Nd8 25. Rd6 Nf7 26. Rdd1 b6 27. Nd7
Rfd8 28. b3 Ba6 29. Nxf6+ Kg7 30. g5 Nxg5 31. Ng4 Nxf3 32. h4 Bf4 33. Kb2 h5
34. Ne3 Rxd1 35. Rxd1 Rf8 36. Nc2 Rf7 37. Nb4 Bb7 38. Rd6 Nd4 39. Nd3 c5 40.
Nxf4 exf4 41. b4 f3 42. bxc5 bxc5 43. Na4 Bxe4 44. Nxc5 Nf5 45. Rd2 Re7 46. Kc3
Bc6 47. Nb3 a6 48. Nd4 Nxd4 49. Bxd4+ Kf7 50. a3 Bb5 51. Bf2 Kf6 52. Rd4 Kf5
53. Bg1 Re2 54. Rd2 Re4 55. Rd4 Re5 56. Bf2 Re2 57. Rd2 Re6 58. Rd4 Bc6 59. Bg1
g5 60. Bf2 Re2 61. Rd2 Rxf2 62. Rxf2 g4 63. Kd4 g3 64. Rc2 Be4 65. Rc8 g2 66.
Rf8+ Ke6 67. Kxe4 g1=Q 68. Rxf3 Qg6+ 69. Ke3 Ke5 70. Kf2 Qg4 71. Re3+ Kf4 72.
Rb3 Qxh4+ 73. Kg2 Qg5+ 74. Kh2 Qe5 75. Kg1 Qe4 76. Kh2 Qe2+ 0-1

[Event "SR 3. liga A2 2016/2017"]
[Site "?"]
[Date "2016.11.27"]
[Round "4.3"]
[White "Bisco, Igor"]
[Black "Sturdik, Igor"]
[Result "1/2-1/2"]
[WhiteElo "2108"]
[BlackElo "1988"]
[PlyCount "70"]
[EventDate "2016.??.??"]

1. e4 Nf6 2. e5 Nd5 3. c4 Nb6 4. c5 Nd5 5. Nc3 Nxc3 6. dxc3 d6 7. cxd6 exd6 8.
Bf4 Nc6 9. Nf3 dxe5 10. Qxd8+ Nxd8 11. Bxe5 Ne6 12. Bc4 c6 13. O-O Bd7 14. Nd4
O-O-O 15. Nxe6 Bxe6 16. Bxe6+ fxe6 17. Rad1 Rd5 18. Rfe1 Rg8 19. c4 Rxd1 20.
Rxd1 Be7 21. Kf1 Bf6 22. Bxf6 gxf6 23. Rd3 c5 24. Rh3 Rg7 25. Rh5 b6 26. Rh6
Rf7 27. Ke2 Kd7 28. Ke3 Ke7 29. Ke4 Kf8 30. g4 Kg7 31. Rh3 Rd7 32. Rd3 f5+ 33.
gxf5 exf5+ 34. Ke3 Rxd3+ 35. Kxd3 Kf6 1/2-1/2

[Event "SR 3. liga A2 2016/2017"]
[Site "?"]
[Date "2016.11.27"]
[Round "4.3"]
[White "Mosny, Jaroslav"]
[Black "Malar, Pavol"]
[Result "1/2-1/2"]
[WhiteElo "1962"]
[BlackElo "2111"]
[PlyCount "133"]
[EventDate "2016.??.??"]

1. d4 e6 2. Nf3 f5 3. g3 Nf6 4. Bg2 Be7 5. O-O O-O 6. c4 d6 7. Nc3 Qe8 8. Qc2
Nc6 9. Bg5 h6 10. Bxf6 Bxf6 11. d5 Nd8 12. dxe6 Nxe6 13. Nd5 Bd8 14. Rad1 Nc5
15. Nd4 a5 16. b3 c6 17. Nc3 Bc7 18. e3 Bd7 19. a3 Qf7 20. b4 axb4 21. axb4 Ne6
22. b5 Nd8 23. Nce2 Qf6 24. Ra1 Rxa1 25. Rxa1 Qe5 26. Ra8 Qc5 27. bxc6 bxc6 28.
Nf4 g5 29. Nd3 Qb6 30. Qb2 f4 31. gxf4 gxf4 32. Qxb6 Bxb6 33. Be4 fxe3 34. fxe3
Re8 35. Nf2 Bxd4 36. exd4 Ne6 37. Rxe8+ Bxe8 38. d5 cxd5 39. Bxd5 Kf7 40. Ng4
h5 41. Nf2 Kf6 42. Nd3 Nc7 43. Bg8 Kg7 44. Bd5 Nxd5 45. cxd5 Bf7 46. Nf4 Kf6
47. Kf2 Ke5 48. Ke3 Be8 49. Ne6 Bd7 50. Nf4 Bg4 51. Nd3+ Kxd5 52. h3 Bd1 53.
Kd2 Kd4 54. Nf4 Bf3 55. Ne6+ Ke5 56. Ng5 Kf4 57. Ne6+ Kg3 58. Ke3 Bd5 59. Nd4
Kxh3 60. Nf5 Kg2 61. Nh4+ Kg1 62. Nf5 Be6 63. Nxd6 h4 64. Ne4 Kg2 65. Ng5 Bd5
66. Kf4 Ba8 67. Kg4 1/2-1/2

[Event "SR 3. liga A2 2016/2017"]
[Site "?"]
[Date "2016.11.27"]
[Round "4.3"]
[White "Gajarsky, Roman"]
[Black "Doucha, Ludvig"]
[Result "1/2-1/2"]
[WhiteElo "1740"]
[BlackElo "1928"]
[PlyCount "39"]
[EventDate "2016.??.??"]

1. e4 e5 2. Bc4 Nf6 3. Nc3 Nc6 4. d3 Na5 5. Bb3 Nxb3 6. axb3 Be7 7. d4 d6 8.
dxe5 dxe5 9. Qxd8+ Bxd8 10. Nf3 Nd7 11. Be3 a6 12. O-O c6 13. Ne2 f6 14. Ng3 g6
15. Rfd1 Be7 16. Rd2 Nf8 17. h3 Be6 18. Ne1 Nd7 19. Nd3 h5 20. f4 1/2-1/2

[Event "SR 3. liga A2 2016/2017"]
[Site "?"]
[Date "2016.11.27"]
[Round "4.3"]
[White "Bukovsky, Milan"]
[Black "Barca, Michal"]
[Result "1-0"]
[WhiteElo "1941"]
[BlackElo "1788"]
[PlyCount "51"]
[EventDate "2016.??.??"]

1. d4 Nf6 2. Nf3 e6 3. c4 b6 4. a3 Bb7 5. Nc3 Be7 6. d5 exd5 7. cxd5 O-O 8. e4
d6 9. Bd3 Re8 10. O-O c6 11. dxc6 Nxc6 12. Re1 Ng4 13. Nd5 Nce5 14. Nxe5 Nxe5
15. Bb5 Bc6 16. Bxc6 Nxc6 17. Nxe7+ Qxe7 18. Qd5 Rac8 19. Bf4 Ne5 20. Rad1 Rc5
21. Qd4 Qf6 22. Bg3 Rc1 23. Qd2 Rxd1 24. Qxd1 Nc4 25. Qa4 Nxb2 26. Qxe8# 1-0

[Event "SR 3. liga A2 2016/2017"]
[Site "?"]
[Date "2016.11.27"]
[Round "4.3"]
[White "Janas, Peter"]
[Black "Bahna, Jan"]
[Result "1/2-1/2"]
[WhiteElo "1669"]
[BlackElo "1877"]
[PlyCount "88"]
[EventDate "2016.??.??"]

1. Nf3 d5 2. d4 Nf6 3. g3 e6 4. Bg2 Nbd7 5. O-O c5 6. c3 Be7 7. Nbd2 O-O 8. Qc2
b6 9. e4 dxe4 10. Nxe4 Bb7 11. Nxf6+ Nxf6 12. dxc5 Bxc5 13. Bg5 h6 14. Rad1 Qe7
15. Bxf6 Qxf6 16. Nd2 Bxg2 17. Kxg2 Rfd8 18. Nb3 Rac8 19. Nxc5 Rxc5 20. Rxd8+
Qxd8 21. Rd1 Qc7 22. Qe4 g6 23. Qa8+ Kg7 24. Qe8 Qc6+ 25. Qxc6 Rxc6 26. Rd7 a6
27. Kf3 Kf6 28. Ke4 g5 29. a3 b5 30. Rd8 Rc4+ 31. Rd4 Rc6 32. Rd8 h5 33. f3 Ke7
34. Rh8 h4 35. Ke3 hxg3 36. hxg3 Rc4 37. Ra8 Ra4 38. Ra7+ Kf6 39. Rc7 Kg6 40.
Rc6 Kf5 41. g4+ Ke5 42. Rc5+ Kf6 43. Rc6 Ke5 44. Rc5+ Kf6 1/2-1/2

[Event "SR 3. liga A2 2016/2017"]
[Site "?"]
[Date "2016.11.27"]
[Round "4.3"]
[White "Krist, Milan"]
[Black "Tupy, Bystrik"]
[Result "0-1"]
[WhiteElo "1872"]
[BlackElo "1701"]
[PlyCount "92"]
[EventDate "2016.??.??"]

1. d4 d5 2. c4 e6 3. Nc3 Nf6 4. Bg5 Be7 5. e3 c6 6. Nf3 Nbd7 7. Rc1 b6 8. Bd3
Bb7 9. O-O dxc4 10. Bxc4 c5 11. Qe2 Rc8 12. Ba6 Bxa6 13. Qxa6 Ra8 14. Rfd1 O-O
15. Qa4 Qe8 16. h3 a6 17. Bxf6 Nxf6 18. Qxe8 Rfxe8 19. d5 exd5 20. Nxd5 Nxd5
21. Rxd5 Red8 22. Rcd1 Rxd5 23. Rxd5 Rd8 24. Rxd8+ Bxd8 25. Kf1 Bf6 26. b3 Kf8
27. Ke2 Ke7 28. Kd3 b5 29. Nd2 Ke6 30. a4 h6 31. e4 g6 32. g4 Ke5 33. axb5 axb5
34. f3 Kf4 35. Nf1 Kxf3 36. Ne3 Bd4 37. Nd5 Kg3 38. Nc7 b4 39. Ke2 Kxh3 40. Kf3
f6 41. Ne6 g5 42. Nc7 Kh4 43. Nb5 h5 44. gxh5 Kxh5 45. Nd6 Kh4 46. Nf5+ Kh3 0-1

[Event "SR 3. liga A2 2016/2017"]
[Site "?"]
[Date "2016.11.27"]
[Round "4.3"]
[White "Tupy, Emil"]
[Black "Babirat, Michal"]
[Result "0-1"]
[WhiteElo "1689"]
[BlackElo "1793"]
[PlyCount "92"]
[EventDate "2016.??.??"]

1. Nf3 c5 2. d4 cxd4 3. Nxd4 Nf6 4. Nf3 e6 5. Bg5 Nc6 6. e4 Be7 7. Bd3 Qb6 8.
Qc1 Nb4 9. O-O Nxd3 10. cxd3 h6 11. Bxf6 Bxf6 12. e5 Be7 13. Nbd2 d6 14. Ne4
Qd8 15. exd6 Bxd6 16. Nxd6+ Qxd6 17. Qc3 O-O 18. h3 Rd8 19. d4 Bd7 20. Rfd1 f6
21. Rd2 Bc6 22. Rad1 Rac8 23. Qe3 Bd5 24. a3 Rc6 25. Ne1 Rb6 26. Nd3 Bb3 27.
Rc1 Qxd4 28. Rc8 Rbd6 29. Qxd4 Rxd4 30. Rc3 Bc4 31. Nc5 Rxd2 32. Rxc4 Rc8 33.
b3 b6 34. Nxe6 Rxc4 35. bxc4 Ra2 36. c5 bxc5 37. Nxc5 Rxa3 38. h4 Kf7 39. g4 a5
40. Ne4 Ra4 41. f3 Ra2 42. Nc3 Rc2 43. Na4 Ke6 44. Kf1 Ke5 45. Ke1 Kf4 46. Kd1
Rh2 0-1

[Event "SR 3. liga A2 2016/2017"]
[Site "?"]
[Date "2016.11.27"]
[Round "4.4"]
[White "Sarmir, Milos"]
[Black "Castiglione, Mario"]
[Result "0-1"]
[WhiteElo "2014"]
[BlackElo "2208"]
[PlyCount "114"]
[EventDate "2016.??.??"]

1. e4 e5 2. Nf3 Nc6 3. Bb5 f5 4. d3 fxe4 5. dxe4 Nf6 6. O-O Bc5 7. Bg5 Nd4 8.
Bc4 d6 9. c3 Ne6 10. Nbd2 h6 11. Bh4 g5 12. Bg3 Qe7 13. b4 Bb6 14. a4 a6 15. h4
Nh5 16. Nxe5 Nxg3 17. Ng6 Qf6 18. Nxh8 Nxf1 19. Qh5+ Kd8 20. Rxf1 Qxh8 21. Bxe6
Bxe6 22. hxg5 Kd7 23. gxh6 Rg8 24. Nf3 Bg4 25. Qf7+ Kc8 26. Nh4 Rf8 27. Qg6 Be2
28. a5 Bxf1 29. axb6 Bc4 30. Qg4+ Kb8 31. bxc7+ Kxc7 32. e5 Bf7 33. exd6+ Kb8
34. Qf4 Be6 35. Qd2 Qh7 36. Nf3 Rh8 37. d7 Bxd7 38. Ne5 Bc8 39. Qd6+ Ka8 40.
Nc4 Qb1+ 41. Kh2 Qf5 42. f3 Qe6 43. Nb6+ Ka7 44. Nxc8+ Qxc8 45. Qf6 Qc7+ 46.
Kh3 Qh7 47. g4 Qxh6+ 48. Qxh6 Rxh6+ 49. Kg3 b6 50. g5 Rh8 51. f4 a5 52. bxa5
bxa5 53. g6 a4 54. f5 a3 55. g7 Rg8 56. f6 a2 57. Kh4 a1=Q 0-1

[Event "SR 3. liga A2 2016/2017"]
[Site "?"]
[Date "2016.11.27"]
[Round "4.4"]
[White "Danada, Tomas"]
[Black "Vagovsky, Jozef"]
[Result "1-0"]
[WhiteElo "2244"]
[BlackElo "1868"]
[PlyCount "69"]
[EventDate "2016.??.??"]

1. e4 e6 2. Nf3 d5 3. e5 c5 4. b4 Qb6 5. bxc5 Bxc5 6. d4 Be7 7. Bd3 Bd7 8. a4
Nc6 9. c3 Na5 10. Ra2 Qb3 11. Qe2 Rc8 12. O-O Nh6 13. Bg5 Nc4 14. Bxe7 Kxe7 15.
Ng5 Bxa4 16. Bxc4 Qxc4 17. Qxc4 Rxc4 18. Nd2 Rxc3 19. Rxa4 a6 20. Rb1 Rc7 21.
Nb3 Rhc8 22. g4 f6 23. Nf3 Nf7 24. exf6+ gxf6 25. Nc5 Nd6 26. Re1 Ne4 27. Nxe4
dxe4 28. Rxe4 Rc4 29. Ra5 Kd6 30. Kg2 Rg8 31. Rf4 Ke7 32. Rh5 Rg7 33. Rh6 Rf7
34. g5 e5 35. gxf6+ 1-0

[Event "SR 3. liga A2 2016/2017"]
[Site "?"]
[Date "2016.11.27"]
[Round "4.4"]
[White "Vlkovic, Pavol"]
[Black "Karas, Marek"]
[Result "0-1"]
[WhiteElo "1789"]
[BlackElo "2217"]
[PlyCount "84"]
[EventDate "2016.??.??"]

1. e4 c5 2. d4 cxd4 3. c3 Nf6 4. Qxd4 Nc6 5. Qe3 d6 6. h3 e5 7. Nf3 Be7 8. g3
O-O 9. Bg2 d5 10. exd5 Nxd5 11. Qe2 f6 12. O-O Nb6 13. Rd1 Qe8 14. Nbd2 Be6 15.
b3 Qf7 16. Bb2 Rad8 17. Nf1 Rfe8 18. Rxd8 Bxd8 19. Ne3 f5 20. c4 Bf6 21. h4 f4
22. Nf1 e4 23. Qxe4 Bxb2 24. Ng5 Qg6 25. Qxg6 hxg6 26. Re1 Bd7 27. Rd1 Bg4 28.
f3 Bc8 29. gxf4 Bd4+ 30. Kh1 Re2 31. Nd2 Bf5 32. Nde4 Rxa2 33. Nd6 Ra1 34. Rxa1
Bxa1 35. Nxb7 Bc2 36. Bh3 Bxb3 37. Be6+ Kf8 38. c5 Nd5 39. Bd7 Ndb4 40. Nd6 Bd4
41. Nde4 a5 42. Nd2 a4 0-1

[Event "SR 3. liga A2 2016/2017"]
[Site "?"]
[Date "2016.11.27"]
[Round "4.4"]
[White "Pribila, Gerhard"]
[Black "Hornak, Pavol"]
[Result "1-0"]
[WhiteElo "2115"]
[BlackElo "1795"]
[PlyCount "107"]
[EventDate "2016.??.??"]

1. Nf3 Nf6 2. c4 c5 3. g3 Nc6 4. Bg2 e6 5. O-O Be7 6. b3 d5 7. e3 O-O 8. d3 Rb8
9. Bb2 b6 10. Qe2 Qc7 11. Nc3 a6 12. Rac1 dxc4 13. bxc4 Bb7 14. Rfd1 Rfd8 15.
d4 Na7 16. dxc5 bxc5 17. Qc2 h6 18. Ba1 Rxd1+ 19. Rxd1 Rd8 20. Rxd8+ Qxd8 21.
Qb3 Qc7 22. Na4 Nd7 23. Bb2 Bc6 24. Bc3 Qb7 25. Qxb7 Bxb7 26. Ne5 Bxg2 27. Nxd7
Bf3 28. Kf1 Nc6 29. Naxc5 a5 30. Nb3 Bb4 31. Bxb4 axb4 32. Nd4 Be4 33. Nxc6
Bxc6 34. Nc5 Kf8 35. Na6 Ke7 36. Nxb4 Ba4 37. Ke2 Kd6 38. Kd3 Kc5 39. Kc3 Bd1
40. Nd3+ Kd6 41. Kb4 Be2 42. c5+ Ke7 43. Nb2 f6 44. Ka5 Kd7 45. Kb6 Bf3 46. a4
Bc6 47. a5 g5 48. Nd3 h5 49. Nb4 Ba8 50. a6 f5 51. Ka7 Bf3 52. Kb8 g4 53. a7
Be4 54. c6+ 1-0